000 00434cam a2200181ua 4500
020 _c18.00
041 _aeng
_h
082 _a350
_bCHA/IN
100 _aAsok, Chanda .
245 _aIndian Administration /
_cAsok Chanda.
_hTextual Documents
250 _a1 /
_b.
260 _aLondon :
_bGeorge Allen & Unwin Ltd ,
_c1960.
300 _a274 ; .
365 _a18.00
504 _a
942 _cBK
999 _c12460
_d12460